| 000 | 00458nam a22001697a 4500 | ||
|---|---|---|---|
| 005 | 20180316151710.0 | ||
| 008 | 160526b xxu||||| |||| 00| 0 eng d | ||
| 020 | _a978-0-18-530765-6 | ||
| 041 | _aeng | ||
| 082 |
_b5183 _a332.632 |
||
| 100 |
_aJohnson, R. Stafford _94195 |
||
| 245 | _aIntroducton to Derivatives:options, futures, and swaps | ||
| 260 |
_aNew Delhi _bAcademic Faundation _c2009 |
||
| 300 | _a757 | ||
| 650 |
_aManagement _9241 |
||
| 942 | _cBK | ||
| 999 |
_c1812 _d1811 |
||